=LDR 00000nam 2200000 4500 =001 INLIS000000000010929 =005 20130612102533 =008 ***********************************Ind** =035 ##$$0010-061300000010929 =041 ##$$a Ind =082 ##$$a 381.413 18 =090 ##$$a 381.413, Nas k =100 ##$$a Nazaruddin =245 ##$$a Komoditi ekspor pertanian, petunjuk ekspor, nazarrudin =250 ##$$a Seri komoditi Exspor pertanian =260 ##$$a 1993 $b Jakarta =300 ##$$a viii, 87 hlm., 21 cm =650 ##$$a Pertanian- Pertanian Komoditi ekspor =850 ##$$a NBPNMAT